<?xml version="1.0" encoding="UTF-8"?>
<record
    xmlns:xsi="http://www.w3.org/2001/XMLSchema-instance"
    xsi:schemaLocation="http://www.loc.gov/MARC21/slim http://www.loc.gov/standards/marcxml/schema/MARC21slim.xsd"
    xmlns="http://www.loc.gov/MARC21/slim">

  <leader>01720nam a22002057a 4500</leader>
  <datafield tag="999" ind1=" " ind2=" ">
    <subfield code="c">358465</subfield>
    <subfield code="d">358466</subfield>
  </datafield>
  <controlfield tag="003">IT-MiCISF</controlfield>
  <controlfield tag="005">20190801153622.0</controlfield>
  <controlfield tag="008">190801b           ||||| |||| 00| 0 eng d</controlfield>
  <datafield tag="040" ind1=" " ind2=" ">
    <subfield code="c">IT-MiCISF</subfield>
  </datafield>
  <datafield tag="041" ind1=" " ind2=" ">
    <subfield code="a">it</subfield>
  </datafield>
  <datafield tag="100" ind1=" " ind2=" ">
    <subfield code="a">Colombo Raffaella Ada, Nardellotto Daniela</subfield>
    <subfield code="9">57997</subfield>
  </datafield>
  <datafield tag="245" ind1=" " ind2=" ">
    <subfield code="a">Bambini e genitori al nido</subfield>
    <subfield code="b">Il metodo Brazelton</subfield>
  </datafield>
  <datafield tag="260" ind1=" " ind2=" ">
    <subfield code="a">Roma</subfield>
    <subfield code="b">Carocci</subfield>
    <subfield code="c">2019</subfield>
  </datafield>
  <datafield tag="300" ind1=" " ind2=" ">
    <subfield code="a">pp. 234</subfield>
  </datafield>
  <datafield tag="500" ind1=" " ind2=" ">
    <subfield code="a">servizi-infanzia, rapporti-operatori-utenti, famiglia, crescita-bambini</subfield>
  </datafield>
  <datafield tag="520" ind1=" " ind2=" ">
    <subfield code="a">Ci sono momenti in cui per gli adulti i neonati, o i bambini molto piccoli, sembrano degli alieni. C'&#xE8; un modo per comunicare con loro? Una risposta positiva viene dall'applicazione dei concetti che Thomas Berry Brazelton, pediatra e psichiatra infantile, ha sviluppato nel suo lavoro con bambini e genitori. Fin dagli anni Cinquanta egli ha messo in evidenza come il neonato abbia un comportamento attivo nella relazione con i caregivers e quanto ampia sia la sua capacit&#xE0; di influenzare il comportamento del genitore. Questo lo ha portato in seguito a mostrare che i bambini nella fascia di et&#xE0; 0-3 anni hanno uno sviluppo non lineare, costellato di momenti di regressione e di disorganizzazione, che ha chiamato touchpoint. Attraverso la lettura del comportamento del bambino e dello sviluppo del cervello dalla nascita ai 3 anni, il libro presenta potenzialit&#xE0; e modi del metodo Brazelton al nido. Esplorando basi teoriche e applicazioni pratiche di questo approccio, educatori e genitori potranno scoprire come riconoscere e valorizzare le risorse e le competenze dei bambini, per promuovere la loro crescita personale.</subfield>
  </datafield>
  <datafield tag="650" ind1=" " ind2=" ">
    <subfield code="a">servizi-alla-persona</subfield>
    <subfield code="9">56082</subfield>
  </datafield>
  <datafield tag="654" ind1=" " ind2=" ">
    <subfield code="a">saggio</subfield>
  </datafield>
  <datafield tag="942" ind1=" " ind2=" ">
    <subfield code="2">ddc</subfield>
    <subfield code="c">BK</subfield>
  </datafield>
  <datafield tag="952" ind1=" " ind2=" ">
    <subfield code="0">0</subfield>
    <subfield code="1">0</subfield>
    <subfield code="2">ddc</subfield>
    <subfield code="4">0</subfield>
    <subfield code="6">A_2297_000000000000000</subfield>
    <subfield code="7">1</subfield>
    <subfield code="a">CISF</subfield>
    <subfield code="b">CISF</subfield>
    <subfield code="d">2019-08-01</subfield>
    <subfield code="l">0</subfield>
    <subfield code="o">a2297</subfield>
    <subfield code="p">9788874668076</subfield>
    <subfield code="r">2019-08-01 00:00:00</subfield>
    <subfield code="w">2019-08-01</subfield>
    <subfield code="y">BK</subfield>
  </datafield>
</record>
